Môj život nie je reality show

Bibliographic Details
Other Authors: Lukušová, Lucia (Interviewer)
Format: Article
Language:Slovak
PhysicalDescription:Fotogr.
ISSN:0139-6323
Subjects:

MARC

LEADER 00000nab a2200000 ar4500
001 vtls009006011
003 SK-MaSNL
005 20260303065721.0
008 070710c2007 xo wr|p|||||||000 b|slo
015 |a SNBRB2007/07  |2 snkbucl 
038 |a SNKBUCL 
040 |a SNKBUCL  |b slo  |c SNKBUCL  |e AACR2 
041 |a slo 
044 |a xo  |c SK 
080 |a 32-051  |2 1997 
100 1 |a Lukušová, Lucia  |4 ivr  |9 1033021 
245 1 0 |a Môj život nie je reality show  |c Lucia Lukušová, Anna Belousovová 
300 |b Fotogr. 
600 1 7 |a Belousovová, Anna,  |d 1959-  |2 snkbucl  |9 73963 
655 7 |a rozhovory  |2 snkbucl  |9 31831 
700 1 |a Belousovová, Anna,  |d 1959-  |4 ive  |9 73963 
773 0 |t Život  |g Roč. 57, č. 24 (2007), s. 28-31  |x 0139-6323 
852 |a SNK  |b KIS3GCP 
958 |a BX 
999 |c 1752342  |d 1754272